000 01442cam a2200145 4500500
005 20251214005045.0
041 _afre
042 _adc
100 1 0 _aAttali, Michaël
_eauthor
700 1 0 _aSaint-Martin, Jean
_eauthor
245 0 0 _aDictionnaire culturel du sport
260 _bArmand Colin,
_c2010.
520 _aComposante essentielle de la vie contemporaine, le sport pénètre désormais l’ensemble des univers de la vie individuelle et collective. On le pratique en amateur, en professionnel, en spectateur, on en parle en famille, entre amis… Plus qu’une simple manifestation sociale ou économique, le sport est devenu un phénomène culturel majeur. D’où l’intérêt de ce premier Dictionnaire culturel du sport qui fait dialoguer les disciplines, croiser les approches et les méthodes pour tenter de mieux cerner cet objet d’étude à part. Unique en son genre, il constitue un ouvrage de référence, de découverte et de réflexion, en phase avec la reconnaissance du sport comme élément culturel fondamental. - 300 entrées couvrant toute la sphère sportive : activités physiques, sportives et artistiques, institutions et compétitions, enjeux, idéologies et représentations - Des références bibliographiques permettant de prolonger la réflexion - Des renvois intelligents
856 4 1 _uhttps://shs.cairn.info/dictionnaire-culturel-du-sport--9782200355470?lang=fr&redirect-ssocas=7080
999 _c1568629
_d1568629